| 000 | 01137cac a22003131u 4500 | ||
|---|---|---|---|
| 090 | _c5626 | ||
| 008 | 081116t1988 xxu||||| |||| 00| 0 eng d | ||
| 010 | _a88009502 | ||
| 020 | _a0521361281 | ||
| 022 | _a0521395674 | ||
| 082 | 0 | 0 |
_a179.9 _bMUR |
| 100 | _aMurphy, Jeffrie G. | ||
| 245 | 1 | 0 |
_aForgiveness and mercy / _cJeffrie G. Murphy and Jean Hampton. |
| 260 |
_aCambridge ; _aNew York : _bCambridge University Press, _cc.1988. |
||
| 300 |
_axii, 194 p. ; _c24 cm. |
||
| 440 | 0 | _aCambridge studies in philosophy and law | |
| 500 | _aDistributer : Al-Ahram. | ||
| 504 | _aIncludes bibliographical references and index. | ||
| 511 | _aCatalogued By :Mahitab. | ||
| 650 | 0 | _aForgiveness. | |
| 650 | 0 | _aHate. | |
| 650 | 0 | _aMercy. | |
| 700 | 1 | _aHampton, Jean. | |
| 856 | 4 | 1 |
_3Sample text _uhttp://www.loc.gov/catdir/samples/cam031/88009502.html |
| 856 | 4 | 1 |
_3Publisher description _uhttp://www.loc.gov/catdir/description/cam023/88009502.html |
| 856 | 4 | 1 |
_3Table of contents _uhttp://www.loc.gov/catdir/toc/cam025/88009502.html |
| 942 |
_cBB _k179.9MUR _2ddc |
||
| 999 |
_c5626 _d5626 |
||